000 00451nam a2200169Ia 4500
003 GCL
008 140319s9999 xx 000 0 eng d
040 _aGCL /
_cGCL
082 0 4 _a820.9
_bR A
100 1 _aROGERS, PAT
245 1 0 _aAN OUTLINE OF ENGLISH LITERATURE /
_cROGERS, PAT
260 _a[S.N] :
_bOXFORD UNIVERSITY PRESS ،
_c1992
300 _a490 P
650 0 4 _aENGLISH LITERATURE
650 0 4 _aHISTORY AND CRITICISM
942 _2ddc
_cBK
999 _c24801
_d24801